Online Catalogue and eLibrary

Introducing Women's Studies : (Record no. 45)

MARC details
000 -LEADER
fixed length control field 00536nam a22001697a 4500
005 - DATE AND TIME OF LATEST TRANSACTION
control field 20231121025312.0
008 - FIXED-LENGTH DATA ELEMENTS--GENERAL INFORMATION
fixed length control field 231121b |||||||| |||| 00| 0 eng d
020 ## - INTERNATIONAL STANDARD BOOK NUMBER
ISBN 0333541960
082 ## - DDC Classification
DDC Edition Number 22
Class No. 305.401.
245 ## - TITLE STATEMENT
Title Introducing Women's Studies :
Remainder of title Feminist theory and practice /
Statement of responsibility, etc. Diane Richardson, Victoria Robinson.
260 ## - PUBLICATION, DISTRIBUTION, ETC.
Place of publication, distribution, etc. London :
Name of publisher, distributor, etc. The Macmillan Press Ltd,
Date of publication, distribution, etc. 1993.
300 ## - PHYSICAL DESCRIPTION
Extent (e.g. Volumes, Pages etc.) xvii, 421 p.
650 ## - SUBJECT ADDED ENTRY--TOPICAL TERM
Topical term or geographic name entry element Feminist theory and Practice.
700 ## - ADDED ENTRY--PERSONAL NAME
Personal name Richardson, Diane.
Relator term (Role) Editor
700 ## - ADDED ENTRY--PERSONAL NAME
Personal name Robinson, Victoria.
Relator term (Role) Editor
942 ## - Koha item type (Biblio)
Koha item type Books in Stacks (Lending)
Holdings
Lost status Damaged status Collection code Home library Current library Date acquired Full call number Accession Number Item type
    Lending WERC Library WERC Library 11/21/2023 305.401. 2069 Books in Stacks (Lending)

© WERC Library